00667nam a2200205Ia 4500003000400000008004100004020002300045040000800068100001700076245005800093260004400151300001500195365001200210901002100222902004200243903005800285942001200343952008900355999001700444LDD181029s9999 xx 000 0 und d a199272530c1495.00 cLDD aLauder, Hugh 0aEducation globalization and social changcHugh Lauder aNew YorkbOxford University Pressc2006 axxvii, 102 b1495.00 a3659b11-01-2007 a1973/02/07b23-02-2007cFdSELECTe37 aDiscount-10bReqst by : Dr.S.B.Sharma  2ddccBK 00102ddc4070978098aLDDbLDDl0o306.43 Ed83p061429r2018-11-01w2018-11-01yBK c78099d78099